|
|
|
|
| LEADER |
00000nam2a2200000 4500 |
| 001 |
309221 |
| 005 |
20231102002153.0 |
| 035 |
|
|
|a (RuTPU)RU\TPU\book\334543
|
| 090 |
|
|
|a 309221
|
| 100 |
|
|
|a 20151111d1981 km y0rusy50 ca
|
| 101 |
0 |
|
|a rus
|
| 102 |
|
|
|a RU
|
| 105 |
|
|
|a a z 001zy
|
| 200 |
0 |
|
|a Вып. 86 : Сплайн-функции в инженерной геометрии
|f под ред. Ю. С. Завьялов
|
| 210 |
|
|
|d 1981
|
| 215 |
|
|
|a 158 с.
|c ил.
|
| 320 |
|
|
|a Библиогр. в конце ст.
|
| 461 |
|
1 |
|0 (RuTPU)RU\TPU\book\41273
|t Вычислительные системы
|o сборник научных трудов
|f Академия наук СССР (АН СССР), Сибирское отделение (СО), Институт математики
|v Вып. 86 : Сплайн-функции в инженерной геометрии
|d 1964-2008
|
| 606 |
1 |
|
|a Сплайн-функции
|2 stltpush
|3 (RuTPU)RU\TPU\subj\66061
|9 82296
|
| 606 |
1 |
|
|a Вычислительные системы
|2 stltpush
|3 (RuTPU)RU\TPU\subj\67468
|9 83253
|
| 610 |
1 |
|
|a геометрическая иформация
|
| 610 |
1 |
|
|a сплайны
|
| 610 |
1 |
|
|a приближение функций
|
| 610 |
1 |
|
|a геометрические расчеты
|
| 610 |
1 |
|
|a инженерная геометрия
|
| 610 |
1 |
|
|a автоматизация
|
| 610 |
1 |
|
|a программирование
|
| 610 |
1 |
|
|a многокоординатные системы
|
| 610 |
1 |
|
|a модели
|
| 610 |
1 |
|
|a изготовление
|
| 610 |
1 |
|
|a визуализация
|
| 610 |
1 |
|
|a проектирование
|
| 675 |
|
|
|a 519.68
|v 3
|
| 675 |
|
|
|a 681.324
|v 3
|
| 702 |
|
1 |
|a Завьялов
|b Ю. С.
|4 340
|
| 801 |
|
1 |
|a RU
|b 63413507
|c 20151111
|
| 801 |
|
2 |
|a RU
|b 63413507
|c 20190724
|g RCR
|
| 942 |
|
|
|c BK
|